[Event "EU-chT Seniors 50"]
[Site "Dresden"]
[Date "2022.11.03"]
[Round "8.3"]
[White "Noyce, Robert"]
[Black "Volkmer, Andreas"]
[Result "1/2-1/2"]
[WhiteElo "2179"]
[BlackElo "2175"]
[PlyCount "49"]
[EventDate "2022.10.27"]
[EventType "team-swiss"]
[EventRounds "9"]
[EventCountry "GER"]
[SourceTitle "EXT 2024"]
[Source "ChessBase"]
[SourceDate "2023.10.10"]
[SourceVersion "1"]
[SourceVersionDate "2023.10.10"]
[SourceQuality "1"]
[WhiteTeam "England 50 II"]
[BlackTeam "Berlin 50 II"]
[WhiteTeamCountry "ENG"]
[BlackTeamCountry "GER"]

1. e4 g6 2. Nc3 Bg7 3. Bc4 c6 4. d3 Nf6 5. Bb3 d5 6. e5 Ng4 7. f4 a5 8. h3 Nh6 9. a4 Nf5 10. Nce2 c5 11. Nf3 Nc6 12. c3 h5 13. 0-0 e6 14. d4 b6 15. Bc2 Ba6 16. Bxf5 gxf5 17. dxc5 bxc5 18. Be3 Bf8 19. Rb1 Rc8 20. Re1 Rg8 21. Kh2 Be7 22. Bf2 Rg6 23. Nc1 Rb8 24. Ng1 Rh6 25. Nf3 1/2-1/2

[Event "EU-chT Seniors 50"]
[Site "Dresden"]
[Date "2022.10.27"]
[Round "1.3"]
[White "Volkmer, Andreas"]
[Black "Mueller, Thomas2222"]
[Result "1/2-1/2"]
[WhiteElo "2175"]
[BlackElo "1952"]
[PlyCount "52"]
[EventDate "2022.10.27"]
[EventType "team-swiss"]
[EventRounds "9"]
[EventCountry "GER"]
[SourceTitle "EXT 2024"]
[Source "ChessBase"]
[SourceDate "2023.10.10"]
[SourceVersion "1"]
[SourceVersionDate "2023.10.10"]
[SourceQuality "1"]
[WhiteTeam "Berlin 50 II"]
[BlackTeam "Schwarzwald 50"]
[WhiteTeamCountry "GER"]
[BlackTeamCountry "GER"]

1. e4 e6 2. d4 d5 3. e5 c5 4. Nf3 cxd4 5. Bd3 Nc6 6. 0-0 Be7 7. Bf4 g5 8. Bg3 h5 9. h3 Nh6 10. Bb5 Bd7 11. Nxd4 Nxd4 12. Bxd7+ Qxd7 13. Qxd4 Nf5 14. Qd3 0-0-0 15. Nd2 g4 16. Bf4 Rhg8 17. Rac1 gxh3 18. Qxh3 Rg4 19. Bh2 Rdg8 20. Nf3 Qa4 21. c4 d4 22. Kh1 Rxg2 23. Rg1 Rxg1+ 24. Rxg1 Rxg1+ 25. Kxg1 Qd1+ 26. Kg2 d3 1/2-1/2

[Event "GER-ch Net blitz sf"]
[Site "Playchess.com INT"]
[Date "2021.06.05"]
[Round "5"]
[White "Fluechter, Gregor"]
[Black "Volkmer, Andreas"]
[Result "1-0"]
[WhiteElo "2220"]
[BlackElo "2113"]
[PlyCount "47"]
[EventDate "2021.06.05"]
[EventType "swiss (blitz)"]
[EventRounds "13"]
[EventCountry "GER"]
[SourceTitle "EXT 2023"]
[Source "ChessBase"]
[SourceDate "2022.10.05"]
[SourceVersion "1"]
[SourceVersionDate "2022.10.05"]
[SourceQuality "1"]

1. e4 g6 2. d4 Bg7 3. Nc3 d6 4. Be3 c6 5. Qd2 b5 6. 0-0-0 Nd7 7. d5 b4 8. Nce2 c5 9. f4 Ngf6 10. Qd3 Ng4 11. h3 Nxe3 12. Qxe3 a5 13. Nf3 Nb6 14. e5 0-0 15. g4 Bb7 16. Bg2 Bxd5 17. Kb1 Bb7 18. h4 Qc7 19. h5 Rad8 20. hxg6 hxg6 21. Rdg1 dxe5 22. Nxe5 f6 23. Nxg6 Rfe8 24. Qe6# 1-0

[Event "GER-ch Net blitz sf"]
[Site "Playchess.com INT"]
[Date "2021.06.05"]
[Round "6"]
[White "Volkmer, Andreas"]
[Black "Loehr, Markus"]
[Result "1-0"]
[WhiteElo "2113"]
[BlackElo "2003"]
[PlyCount "99"]
[EventDate "2021.06.05"]
[EventType "swiss (blitz)"]
[EventRounds "13"]
[EventCountry "GER"]
[SourceTitle "EXT 2023"]
[Source "ChessBase"]
[SourceDate "2022.10.05"]
[SourceVersion "1"]
[SourceVersionDate "2022.10.05"]
[SourceQuality "1"]

1. Nc3 d5 2. e4 c6 3. f4 dxe4 4. Nxe4 Nf6 5. Nf2 e6 6. d4 c5 7. Nf3 Nc6 8. c3 cxd4 9. cxd4 Be7 10. Be2 0-0 11. 0-0 b6 12. Qa4 Bb7 13. Rd1 Nb4 14. Ne5 a6 15. Bf3 b5 16. Qb3 Bd5 17. Bxd5 Qxd5 18. Be3 Qxb3 19. axb3 Nc2 20. Re1 Nxa1 21. Rxa1 Nd5 22. Bd2 Bf6 23. Nfd3 Rfc8 24. Nc5 Bxe5 25. fxe5 Rc6 26. Kf1 Kf8 27. Ke2 Ke8 28. Kd3 f6 29. exf6 gxf6 30. b4 Kf7 31. Rf1 Rg8 32. g3 h5 33. Ra1 Nc7 34. Bf4 Rd8 35. Bxc7 Rxc7 36. Rxa6 Re7 37. Ke4 e5 38. d5 Rg8 39. d6 Rg4+ 40. Kf3 e4+ 41. Ke3 Re8 42. Ra7+ Kg6 43. d7 Rd8 44. Ne6 Rxd7 45. Rxd7 h4 46. Rg7+ Kh5 47. Rxg4 Kxg4 48. gxh4 f5 49. Nd4 Kxh4 50. Nxf5+ 1-0

[Event "GER-ch Net blitz qual4"]
[Site "Playchess.com INT"]
[Date "2021.05.10"]
[Round "3"]
[White "Haus, Volker"]
[Black "Volkmer, Andreas"]
[Result "0-1"]
[WhiteElo "1892"]
[BlackElo "2033"]
[PlyCount "62"]
[EventDate "2021.05.10"]
[EventType "swiss (blitz)"]
[EventRounds "11"]
[EventCountry "GER"]
[SourceTitle "CBM 202 Extra"]
[Source "ChessBase"]
[SourceDate "2021.07.31"]
[SourceVersion "1"]
[SourceVersionDate "2021.07.31"]
[SourceQuality "1"]

1. d4 g6 2. c4 Bg7 3. Nc3 d6 4. e4 Nc6 5. Nge2 e5 6. d5 Nce7 7. f4 f5 8. fxe5 Bxe5 9. Bg5 Nf6 10. Qd2 0-0 11. Ng3 Bd7 12. 0-0-0 a6 13. Bd3 b5 14. exf5 bxc4 15. Bxc4 Nxf5 16. Nge4 Qc8 17. Rdf1 Nxe4 18. Nxe4 Rb8 19. b3 Qb7 20. g4 Nd4 21. Bh6 Rxf1+ 22. Rxf1 Bxg4 23. Qf2 Bf5 24. Qg2 Qb4 25. Bd2 Qa3+ 26. Kd1 Qxa2 27. Ke1 Qc2 28. Rxf5 Nxf5 29. Qf3 Qb1+ 30. Kf2 Rf8 31. Ke2 Nd4+ 0-1

[Event "GER-ch Net blitz qual4"]
[Site "Playchess.com INT"]
[Date "2021.05.10"]
[Round "7"]
[White "Volkmer, Andreas"]
[Black "Meschke, Andreas"]
[Result "1-0"]
[WhiteElo "2033"]
[BlackElo "1830"]
[PlyCount "71"]
[EventDate "2021.05.10"]
[EventType "swiss (blitz)"]
[EventRounds "11"]
[EventCountry "GER"]
[SourceTitle "CBM 202 Extra"]
[Source "ChessBase"]
[SourceDate "2021.07.31"]
[SourceVersion "1"]
[SourceVersionDate "2021.07.31"]
[SourceQuality "1"]

1. Nc3 d5 2. e4 d4 3. Nce2 e5 4. Ng3 Ne7 5. Bc4 Ng6 6. d3 Bb4+ 7. Bd2 Bxd2+ 8. Qxd2 0-0 9. N1e2 Be6 10. Bb3 c5 11. 0-0 Nc6 12. f4 exf4 13. Nxf4 Qd6 14. Rf2 b5 15. Bxe6 fxe6 16. Nxg6 Rxf2 17. Qxf2 hxg6 18. Rf1 Ne5 19. Ne2 Rf8 20. Qxf8+ Qxf8 21. Rxf8+ Kxf8 22. b4 c4 23. Nxd4 cxd3 24. cxd3 Nxd3 25. a3 a6 26. Nxe6+ Ke7 27. Nc7 Ne1 28. Nxa6 Nc2 29. Kf2 Kd6 30. Kg3 Nxa3 31. Kf4 Nc4 32. Nc5 Ne5 33. h3 Nf7 34. Nd3 Kc6 35. Ne5+ Nxe5 36. Kxe5 1-0

[Event "GER-ch Net blitz qual3"]
[Site "Playchess.com INT"]
[Date "2021.05.07"]
[Round "11"]
[White "Volkmer, Andreas"]
[Black "Eilers, Stefan"]
[Result "0-1"]
[WhiteElo "2044"]
[BlackElo "2229"]
[PlyCount "148"]
[EventDate "2021.05.07"]
[EventType "swiss (blitz)"]
[EventRounds "11"]
[EventCountry "GER"]
[SourceTitle "CBM 202 Extra"]
[Source "ChessBase"]
[SourceDate "2021.07.31"]
[SourceVersion "1"]
[SourceVersionDate "2021.07.31"]
[SourceQuality "1"]

1. Nc3 d5 2. e4 dxe4 3. Nxe4 Qd5 4. Nc3 Qa5 5. b4 Qxb4 6. Rb1 Qd6 7. g3 c6 8. Bg2 Nf6 9. d4 g6 10. Bf4 Qd8 11. Bxb8 Rxb8 12. Bxc6+ Bd7 13. Bg2 Bg7 14. Nge2 0-0 15. 0-0 Qc7 16. Nb5 Qa5 17. c4 Rfd8 18. Qb3 Bf5 19. Rbd1 a6 20. Nbc3 b5 21. c5 b4 22. Nd5 Nxd5 23. Bxd5 e6 24. Bg2 Qb5 25. Rfe1 a5 26. a4 bxa3 27. Qxa3 a4 28. c6 Qa5 29. Rc1 Rbc8 30. Red1 Bg4 31. f3 Bf5 32. Rc5 Qa6 33. Qe3 a3 34. Rcc1 a2 35. Ra1 Rxc6 36. Qd2 Bb1 37. f4 Rcd6 38. Qb2 Qc4 39. Qc3 Qxc3 40. Nxc3 Bxd4+ 41. Rxd4 Rxd4 42. Nxb1 axb1Q+ 43. Rxb1 Rd1+ 44. Rxd1 Rxd1+ 45. Kf2 Ra1 46. Bf3 Kg7 47. g4 Kf6 48. Kg3 h6 49. h4 g5 50. hxg5+ hxg5 51. fxg5+ Kxg5 52. Bc6 Ra3+ 53. Bf3 e5 54. Kg2 Kf4 55. Bd5 f6 56. Be6 Rc3 57. Kf2 Rc2+ 58. Ke1 Rh2 59. Kf1 Rh4 60. Ke1 Rxg4 61. Ke2 Rg2+ 62. Kf1 Rb2 63. Ke1 e4 64. Kd1 Ke3 65. Bg4 Rd2+ 66. Ke1 Rd5 67. Kf1 f5 68. Bh5 f4 69. Bg4 f3 70. Ke1 Rg5 71. Bh3 Rg1+ 72. Bf1 Rxf1+ 73. Kxf1 f2 74. Kg2 Ke2 0-1

[Event "GER-ch Net blitz qual2"]
[Site "Playchess.com INT"]
[Date "2021.05.04"]
[Round "2"]
[White "Volkmer, Andreas"]
[Black "Ziems, Michael"]
[Result "1-0"]
[WhiteElo "2067"]
[BlackElo "1818"]
[PlyCount "67"]
[EventDate "2021.05.04"]
[EventType "swiss (blitz)"]
[EventRounds "11"]
[EventCountry "GER"]
[SourceTitle "CBM 202 Extra"]
[Source "ChessBase"]
[SourceDate "2021.07.31"]
[SourceVersion "1"]
[SourceVersionDate "2021.07.31"]
[SourceQuality "1"]

1. Nc3 e6 2. e4 d5 3. Nf3 Nf6 4. Bd3 c5 5. Bb5+ Nc6 6. exd5 Nxd5 7. 0-0 Be7 8. Ne4 0-0 9. c3 f5 10. Ng3 Qc7 11. d4 Rd8 12. Qe2 cxd4 13. Bxc6 bxc6 14. Nxd4 Qd6 15. Re1 Bf6 16. Nf3 a5 17. Bg5 h6 18. Bxf6 Nxf6 19. Rad1 Qc7 20. Nd4 f4 21. Ne4 Nd5 22. Nc5 Re8 23. Qe5 Qf7 24. Ne4 Rd8 25. Nd6 Qe7 26. Nxc8 Raxc8 27. Qxe6+ Qxe6 28. Rxe6 c5 29. Nf3 Nc7 30. Red6 Re8 31. Kf1 c4 32. Re1 Rf8 33. Re7 Nb5 34. Rdd7 1-0

[Event "GER-ch Net blitz qual2"]
[Site "Playchess.com INT"]
[Date "2021.05.04"]
[Round "3"]
[White "Zelbel, Patrick"]
[Black "Volkmer, Andreas"]
[Result "1-0"]
[WhiteElo "2532"]
[BlackElo "2067"]
[PlyCount "65"]
[EventDate "2021.05.04"]
[EventType "swiss (blitz)"]
[EventRounds "11"]
[EventCountry "GER"]
[SourceTitle "CBM 202 Extra"]
[Source "ChessBase"]
[SourceDate "2021.07.31"]
[SourceVersion "1"]
[SourceVersionDate "2021.07.31"]
[SourceQuality "1"]

1. e4 g6 2. d4 Bg7 3. Nc3 d6 4. f4 c6 5. Nf3 Bg4 6. Be3 Qb6 7. Qd2 Nd7 8. a4 Qa5 9. Be2 Ngf6 10. 0-0 0-0 11. e5 Ne8 12. Rae1 d5 13. Ng5 Bxe2 14. Qxe2 e6 15. Qg4 Qd8 16. Qh3 h6 17. Nf3 Qe7 18. g4 f5 19. exf6 Nexf6 20. f5 gxf5 21. gxf5 e5 22. Bxh6 e4 23. Kh1 Bxh6 24. Qxh6 Qh7 25. Qg5+ Kf7 26. Ne5+ Nxe5 27. dxe5 Nh5 28. e6+ Ke8 29. f6 Nxf6 30. Rxf6 Rxf6 31. Qxf6 e3 32. Rf1 Qe7 33. Qh8+ 1-0

[Event "GER Cup Net V4 U2400"]
[Site "Playchess.com INT"]
[Date "2020.05.31"]
[Round "7"]
[White "Cofman, Veaceslav"]
[Black "Volkmer, Andreas"]
[Result "1-0"]
[WhiteElo "2185"]
[BlackElo "2051"]
[PlyCount "97"]
[EventDate "2020.05.31"]
[EventType "swiss (blitz)"]
[EventRounds "9"]
[EventCountry "GER"]
[SourceTitle "EXT 2021"]
[Source "ChessBase"]
[SourceDate "2020.10.23"]
[SourceVersion "1"]
[SourceVersionDate "2020.10.23"]
[SourceQuality "1"]

1. d4 g6 2. c4 Bg7 3. Nc3 d6 4. Nf3 Nc6 5. d5 Ne5 6. Nd4 c5 7. dxc6 Nxc6 8. Be3 Nf6 9. g3 Ng4 10. Nxc6 Nxe3 11. Nxd8 Nxd1 12. Nxd1 Kxd8 13. Bg2 Be6 14. Rc1 Rb8 15. Kd2 h5 16. h4 b6 17. b3 Bd4 18. e3 Bg7 19. Nc3 Rc8 20. Nb5 a6 21. Nd4 Bd7 22. a4 a5 23. f4 e6 24. Ke2 Ke7 25. Rhd1 Rhd8 26. Nf3 Bf6 27. e4 Bc6 28. Ke3 Bg7 29. Bh3 Rc7 30. Rc2 Rdc8 31. Rcd2 Rd8 32. Rd3 Bb2 33. f5 Ba3 34. fxe6 fxe6 35. Ng5 Bc5+ 36. Ke2 Bd7 37. Rf3 d5 38. Rf7+ Kd6 39. exd5 exd5 40. Rxd5+ Kc6 41. Bg2 Bg4+ 42. Kf1 Rxd5 43. Bxd5+ Kd6 44. Rf6+ Ke5 45. Rxg6 Kd4 46. Bf3 Kc3 47. Bxg4 hxg4 48. Ne6 Kxb3 49. Nxc7 1-0

[Event "GER Cup Net V4 U2400"]
[Site "Playchess.com INT"]
[Date "2020.05.31"]
[Round "3"]
[White "Volkmer, Andreas"]
[Black "Arnold, Max"]
[Result "1-0"]
[WhiteElo "2051"]
[BlackElo "2200"]
[PlyCount "51"]
[EventDate "2020.05.31"]
[EventType "swiss (blitz)"]
[EventRounds "9"]
[EventCountry "GER"]
[SourceTitle "EXT 2021"]
[Source "ChessBase"]
[SourceDate "2020.10.23"]
[SourceVersion "1"]
[SourceVersionDate "2020.10.23"]
[SourceQuality "1"]

1. Nc3 d5 2. e4 d4 3. Nce2 c5 4. Ng3 Nc6 5. Bc4 Nf6 6. d3 h5 7. a3 h4 8. N3e2 e5 9. h3 Bd6 10. Nf3 Nh5 11. c3 Bd7 12. Bg5 Be7 13. Bd2 Qc8 14. b4 dxc3 15. Bxc3 cxb4 16. axb4 Bxb4 17. Bxb4 Nxb4 18. Qb3 Nc6 19. Bxf7+ Kf8 20. Bd5 Qc7 21. 0-0 Nf6 22. Rac1 Qd6 23. Qxb7 Rc8 24. d4 Nxd5 25. exd5 Qxd5 26. Nxe5 1-0

[Event "GER Cup Net V4 U2400"]
[Site "Playchess.com INT"]
[Date "2020.05.31"]
[Round "9"]
[White "Volkmer, Andreas"]
[Black "Jahnz, Fabian"]
[Result "0-1"]
[WhiteElo "2051"]
[BlackElo "2079"]
[PlyCount "60"]
[EventDate "2020.05.31"]
[EventType "swiss (blitz)"]
[EventRounds "9"]
[EventCountry "GER"]
[SourceTitle "EXT 2021"]
[Source "ChessBase"]
[SourceDate "2020.10.23"]
[SourceVersion "1"]
[SourceVersionDate "2020.10.23"]
[SourceQuality "1"]

1. Nc3 d5 2. e4 dxe4 3. Nxe4 Qd5 4. Nc3 Qd8 5. Nf3 Nf6 6. h3 g6 7. Bc4 Bg7 8. 0-0 0-0 9. d3 Nc6 10. a3 b6 11. Re1 Bb7 12. Qe2 e6 13. Bg5 Nd4 14. Nxd4 Qxd4 15. Be3 Qh4 16. Qf1 Rad8 17. a4 a6 18. f3 Nh5 19. Bf2 Ng3 20. Bxg3 Qxg3 21. Ne2 Qg5 22. c3 b5 23. axb5 axb5 24. Bb3 Rxd3 25. Kh1 Rd2 26. Ra7 Rb8 27. Nd4 Rxb2 28. Bd1 Be5 29. Rxe5 Qxe5 30. Be2 b4 0-1

[Event "GER Cup Net V4 U2400"]
[Site "Playchess.com INT"]
[Date "2020.05.31"]
[Round "5"]
[White "Volkmer, Andreas"]
[Black "Muse, Mladen"]
[Result "0-1"]
[WhiteElo "2051"]
[BlackElo "2392"]
[PlyCount "150"]
[EventDate "2020.05.31"]
[EventType "swiss (blitz)"]
[EventRounds "9"]
[EventCountry "GER"]
[SourceTitle "EXT 2021"]
[Source "ChessBase"]
[SourceDate "2020.10.23"]
[SourceVersion "1"]
[SourceVersionDate "2020.10.23"]
[SourceQuality "1"]

1. Nc3 g6 2. e4 Bg7 3. Nf3 c6 4. Bc4 e6 5. 0-0 d5 6. Bb3 Nf6 7. Re1 0-0 8. d3 a5 9. a3 Nbd7 10. Bg5 h6 11. Bd2 Nc5 12. Ba2 a4 13. Qe2 Qb6 14. Rab1 Qa6 15. Qe3 b6 16. Qf4 Qb7 17. Qh4 h5 18. h3 Qd7 19. Ne5 Qe8 20. Nf3 Qd7 21. Ne5 Qc7 22. Bf4 Qb7 23. Bg5 Nh7 24. Nf3 Nxg5 25. Nxg5 d4 26. Ne2 Qe7 27. Qg3 Bh6 28. Nf3 Kh7 29. Nfxd4 Bb7 30. Nf3 Nd7 31. Nc3 e5 32. Rbd1 Bf4 33. Qh4 Qxh4 34. Nxh4 b5 35. Nf3 Kg7 36. Ne2 Bh6 37. g3 Rfe8 38. c3 Nc5 39. Bb1 Rad8 40. g4 hxg4 41. hxg4 Kg8 42. Kg2 Bc8 43. Kg3 Nb3 44. Bc2 Nc5 45. Rh1 Bg7 46. g5 Ne6 47. Rhg1 Nc5 48. Kg2 Ne6 49. Kf1 Nc5 50. d4 exd4 51. cxd4 Nxe4 52. Bxe4 Rxe4 53. Ng3 Rf4 54. Kg2 Bg4 55. Rd3 Bxf3+ 56. Rxf3 Rxf3 57. Kxf3 Rxd4 58. Rc1 Rd6 59. Ne4 Re6 60. Nc5 Re5 61. Rc2 Rxg5 62. Ne4 Rf5+ 63. Ke2 Bd4 64. Rxc6 Bxb2 65. Nd6 Re5+ 66. Kd3 Bxa3 67. Rc8+ Kg7 68. Ne8+ Kh6 69. Nc7 Rc5 70. Kd4 Rc1 71. Kd5 b4 72. Kd6 b3+ 73. Kd7 b2 74. Rb8 b1Q 75. Rxb1 Rxb1 0-1

[Event "GER Cup Net V3 U2400"]
[Site "Playchess.com INT"]
[Date "2020.05.27"]
[Round "9"]
[White "Volkmer, Andreas"]
[Black "Frohnhaeuser, Simon"]
[Result "1/2-1/2"]
[WhiteElo "2031"]
[BlackElo "1893"]
[PlyCount "177"]
[EventDate "2020.05.27"]
[EventType "swiss (blitz)"]
[EventRounds "9"]
[EventCountry "GER"]
[SourceTitle "EXT 2021"]
[Source "ChessBase"]
[SourceDate "2020.10.23"]
[SourceVersion "1"]
[SourceVersionDate "2020.10.23"]
[SourceQuality "1"]

1. Nc3 d5 2. e4 c6 3. f4 dxe4 4. Nxe4 Nd7 5. Nf3 Ngf6 6. Nf2 Qc7 7. d4 c5 8. Be2 e6 9. 0-0 a6 10. c3 Be7 11. Ne5 0-0 12. Bd3 b5 13. Bd2 Bb7 14. Re1 Rfd8 15. Qe2 Nf8 16. Rac1 Rac8 17. Ne4 Nxe4 18. Bxe4 Bxe4 19. Qxe4 Qd6 20. Be3 Qd5 21. Qb1 cxd4 22. Bxd4 Bc5 23. Rcd1 Bxd4+ 24. Rxd4 Qc5 25. Red1 f6 26. Nf3 b4 27. Kh1 bxc3 28. bxc3 Rxd4 29. cxd4 Qc2 30. h3 Ng6 31. Qxc2 Rxc2 32. f5 exf5 33. d5 Nf8 34. a4 Ra2 35. Rd4 Nd7 36. Rb4 Kf7 37. Rb7 Ke8 38. Nd4 Rd2 39. Nxf5 Rxd5 40. Nxg7+ Kf7 41. Nh5 Rxh5 42. Rxd7+ Kg6 43. Rc7 Ra5 44. Rc4 Re5 45. Kh2 h5 46. Rb4 Kg5 47. Rc4 h4 48. Rg4+ Kh5 49. Rf4 f5 50. Rb4 Kg5 51. Rc4 Re4 52. Rc8 Rxa4 53. Rg8+ Kf4 54. Rh8 Ke3 55. Re8+ Re4 56. Ra8 Re6 57. Rf8 f4 58. Rh8 a5 59. Ra8 Re5 60. Ra6 Kd4 61. Kg1 Kc4 62. Kf2 Kb5 63. Ra8 a4 64. Kf3 Re6 65. Kxf4 Ra6 66. Rb8+ Kc4 67. Rb1 a3 68. Kg4 Rh6 69. Rb8 a2 70. Ra8 Kb3 71. Rb8+ Kc2 72. Rc8+ Kb2 73. Rb8+ Ka3 74. Ra8+ Kb3 75. Rb8+ Kc2 76. Rc8+ Kb1 77. Rb8+ Ka1 78. Rb5 Rg6+ 79. Kxh4 Rxg2 80. Kh5 Rb2 81. Ra5 Kb1 82. h4 a1Q 83. Rxa1+ Kxa1 84. Kg6 Rh2 85. h5 Kb2 86. h6 Kc3 87. Kg7 Kd4 88. h7 Rxh7+ 89. Kxh7 1/2-1/2